Dicionário de dúvidas, dificuldades e curiosidades da língua portuguesa / (Record no. 1560)

MARC details
000 -LÍDER
Campo Fixo de Controle 00625nam a2200205 a 4500
001 - NÚMERO DE CONTROLE
Campo de Controle 1560
003 - IDENTIFICAÇÃO DO NÚMERO DE CONTROLE
Campo de Controle BR-CuiBMT
005 - DATA E HORA DA ÚLTIMA ATUALIZAÇÃO
Campo de Controle 20231215190346.0
008 - DADOS FIXOS
Dados Fixos 231110s2005 prb d 000 0 por d
020 ## - INTERNATIONAL STANDARD BOOK NUMBER
Nº do ISBN 852940274x
040 ## - AGÊNCIA CATALOGADORA
Código da Agência Catalogadora BR-CuiBMT
Agência que transcreveu o registro BR-CuiBMT
080 ## - Nº DA CLASSIFICAÇÃO DECIMAL UNIVERSAL
Nº edição CDU 2007
Nº Class. CDU 811.134.3'374.81
090 ## - NÚMERO DE CHAMADA
Complemento R
Nº classificação 811.134.3'374.81
Cutter S119d
100 1# - ENTRADA PRINCIPAL -- AUTOR PESSOAL
Nome pessoal Sacconi, Luiz Antonio
245 10 - TÍTULO PRINCIPAL
Título principal Dicionário de dúvidas, dificuldades e curiosidades da língua portuguesa /
Indicação de responsabilidade Luiz Antonio Sacconi.
260 ## - PUBLICAÇÃO, DISTRIBUIÇÃO, ETC.
Local de publicação São Paulo :
Editora Harbra,
Data 2005.
300 ## - DESCRIÇÃO FÍSICA
N. páginas ou volumes 382 p. ;
Dimensões 28 cm
650 ## - ASSUNTO TÓPICO
Cabeçalho tópico ou nome geográfico Língua portuguesa
Subdivisão geral Dicionários
942 ## - ELEMENTOS DE ENTRADA ADICIONAIS (KOHA)
Fonte de classificação ou esquema de arquivamento Classificação Decimal Universal
Tipo de item do Koha Obras de Referência
Holdings
Estado: removido Estado: perdido Fonte de classificação ou esquema de arquivamento Estado: danificado Indisponível para empréstimo Localização permanente Localização atual Data de aquisição Total Checkouts Número de Chamada completo Código de barras Date last seen Número do exemplar Preço efetivo a partir de Tipo de item (Koha)
    Classificação Decimal Universal     Biblioteca da Escola Superior de Contas do TCE/MT Biblioteca da Escola Superior de Contas do TCE/MT 15/12/2023   R 821.134.3'374.81 S119d BIBTCEMT23120557 15/12/2023 Ex. 1 15/12/2023 Obras de Referência

Powered by Koha